Les 20 plus grandes villes du Doubs sur une carte - Statistiques

Statistiques générales
  • Ce quiz a été pris 119 fois
  • Le résultat moyen est 10 sur 20
Réponses sur la Carte
Les réponses sont colorées sur une échelle allant du rouge au vert en fonction du pourcentage des utilisateurs qui les ont devinées à leur premier essai. Vous pouvez retrouver ces pourcentages ci-dessous.
 
Statistiques - réponses
Commune Population % Correct
Besançon 120 057
100%
Montbéliard 25 516
93%
Pontarlier 17 928
93%
Morteau 6 905
77%
Audincourt 14 009
60%
Baume-les-Dames 5 064
60%
Valdahon 5 715
58%
Sochaux 3 772
57%
Ornans 4 421
55%
Maîche 4 226
49%
Valentigney 10 624
47%
Saint-Vit 5 059
43%
Villers-le-Lac 5 248
36%
Pont-de-Roide-Vermondans 3 971
32%
Mandeure 4 672
27%
Seloncourt 5 812
27%
Bethoncourt 5 288
26%
Étupes 3 711
26%
Grand-Charmont 5 865
19%
Bavans 3 566
16%
Aucun quiz correspondant
Distribution des résultats
% des personnes avec chaque résultat
Percentile par nombre de réponses
Votre historique - résultats
Vous n’avez pas pris ce quiz